书目信息 |
| 题名: |
李代数及其表示理论导引
|
|
| 作者: | 汉弗莱斯 著 ;陈志杰 译 | |
| 分册: | ||
| 出版信息: | 上海 上海科学技术出版社 1981 |
|
| 页数: | 219页 | |
| 开本: | 21cm | |
| 丛书名: | ||
| 单 册: | ||
| 中图分类: | O152.5 | |
| 科图分类: | ||
| 主题词: | 李代数--概论 | |
| 电子资源: | ||
| ISBN: | ||
| 000 | 00806nam0 2200253 45 | |
| 001 | 0181010188 | |
| 005 | 20060411162606.51 | |
| 010 | @dCNY0.92 | |
| 091 | @a13119.815 | |
| 100 | @a19950527d1981 em y0chiy0121 ea | |
| 101 | 1 | @achi@ceng |
| 102 | @aCN@b310000 | |
| 105 | @ay z 000yy | |
| 200 | 10 | @a李代数及其表示理论导引@Ali dai shu ji qi biao shi li lun dao yin@f(美)J·E·汉弗莱斯著@F(mei)J·E·han fu lai si zhu@g陈志杰译 |
| 210 | @a上海@c上海科学技术出版社@d1981 | |
| 215 | @a219页@d21cm | |
| 510 | 1 | @aIntroduction to Lie algebras and reprexentation theory Theory@zeng |
| 606 | @a李代数@y概论 | |
| 690 | @aO152.5 | |
| 701 | 0 | @a汉弗莱斯@Ahan fu lai si@4著 |
| 702 | 0 | @a陈志杰@Achen zhi jie@4译 |
| 801 | 2 | @aCN@bNLC@c20060411 |
| 801 | 0 | @aCN@b上海图书馆@c20040518 |
| 905 | @dO152.5@e1 | |
| 李代数及其表示理论导引/(美)J·E·汉弗莱斯著/陈志杰译.-上海:上海科学技术出版社,1981 |
| 219页;21cm |
| ISBN :CNY0.92 |
| ● |
| 相关链接 |
|
|
|
|
正题名:李代数及其表示理论导引
索取号:O152.5/1
 
预约/预借
| 序号 | 登录号 | 条形码 | 馆藏地/架位号 | 状态 | 备注 |
| 1 | 0060214 | 202220649 | 密集书库/ [索取号:O152.5/1] | 在馆 | |
| 2 | 0060215 | 000412191 | 第二样本阅览室/ [索取号:O152.5/1] | 在馆 | |
| 3 | 0060217 | 202220603 | 密集书库/ [索取号:O152.5/1] | 在馆 | |
| 4 | 0060218 | 202220658 | 密集书库/ [索取号:O152.5/1] | 在馆 |